Světové hospodářství

Gespeichert in:
Bibliographische Detailangaben
Format: Schriftenreihe
Sprache:Tschechisch
Veröffentlicht: Praha Československá tisková kancelář 1969
Tags: Tag hinzufügen
Keine Tags, Fügen Sie das erste Tag hinzu!

MARC

LEADER 00000nas2a22000001 4500
001 0021213
005 20260311072042.2
041 0 |a cze 
044 |a CZ 
245 1 0 |a Světové hospodářství 
264 1 |a Praha  |b Československá tisková kancelář  |c 1969 
300 |a 1 zv. 
500 |a V zviazanom ročníku sú aj čísla od 1.4.1969-31.12.1969, názov titulu Svět hospodářství 
773 0 |w eu_un_cat*0021208